| 000 | 00579nam a22001575i 4500 | ||
|---|---|---|---|
| 001 | 171736 | ||
| 003 | ES-MaACL | ||
| 005 | 20260127062552.0 | ||
| 008 | 090527s1920 sp |||| | spa d | ||
| 100 | 1 |
_aSoler y Pérez, Francisco, _d1887-1922 _9107201 |
|
| 245 | 1 | 0 |
_aReal Academia de Jurisprudencia y Legislación _b: resumen crítico del curso de 1919 a 1920 / _cFrancisco Soler y Pérez. |
| 260 |
_aMadrid : _bReus, _c1920. |
||
| 700 |
_aReal Academia de Jurisprudencia y Legislación de España _9217612 |
||
| 852 |
_aES-MaACL _j1603-F-13 |
||
| 999 |
_c171736 _d171736 |
||